000 00662nam a2200229Ia 4500
003 BUBTL
008 151213s9999 xx 000 0 und d
020 _a978-0-324-42270-2
082 _a658.15 / bee
100 _a Besley,Scott.
_91771
245 _aEssentials of Managerial Finance
_cScott Besley/ Eugene F. Brigham
250 _a14th
260 _aSouth Western
_bThomson South-Western
_c2008
300 _axxii, 816p. ill. chart, table. ; 24cm.
500 _aInclude Index.
650 _aFinance
650 0 _aManagerial Finance
_91772
700 _aScott Besley/ Eugene F. Brigham
856 _k0
_l0
_yDownload
942 _2ddc
_cBK
999 _c5021
_d5021